[Event "Petersburg Summer 2016"]
[Site "St Petersburg"]
[Date "2016.08.19"]
[Round "3.52"]
[White "Izotov, Yury"]
[Black "Smirnov, Dmitrii"]
[Result "1/2-1/2"]
[WhiteElo "1929"]
[BlackElo "1569"]
[PlyCount "43"]
[EventDate "2016.08.17"]
[EventType "swiss"]
[EventCountry "RUS"]

1. c4 e5 2. Nc3 Nf6 3. Nf3 Nc6 4. e4 Bb4 5. d3 O-O 6. g3 d6 7. h3 h6 8. Bg2 Nh7
9. O-O f5 10. Nd5 fxe4 11. dxe4 Bc5 12. Kh2 Nd4 13. Nh4 c6 14. Ne3 Ng5 15. Qh5
Qd7 16. Ng4 Qf7 17. Nxh6+ gxh6 18. Qxh6 Ngf3+ 19. Nxf3 Nxf3+ 20. Bxf3 Qxf3 21.
Qg6+ Kh8 22. Qh6+ 1/2-1/2

[Event "Petersburg Summer 2016"]
[Site "St Petersburg"]
[Date "2016.08.19"]
[Round "3.53"]
[White "Kuzmishin, Leonid"]
[Black "Zaykov, Sergey"]
[Result "0-1"]
[WhiteElo "1762"]
[BlackElo "2156"]
[PlyCount "70"]
[EventDate "2016.08.17"]
[EventType "swiss"]
[EventCountry "RUS"]

1. d4 f5 2. Nf3 Nf6 3. c4 g6 4. g3 Bg7 5. Bg2 d6 6. Nc3 c6 7. O-O O-O 8. Qb3
Kh8 9. Re1 Na6 10. e4 fxe4 11. Nxe4 Nxe4 12. Rxe4 e5 13. Bg5 Qc7 14. Qa3 Bf5
15. Rh4 e4 16. Nd2 Bxd4 17. Bxe4 Bxe4 18. Nxe4 d5 19. Be7 Rf7 20. Bd6 Qb6 21.
c5 Qd8 22. Rd1 Bg7 23. Bf4 Rd7 24. Ng5 Bf6 25. Qe3 Qe8 26. Qc1 Qf8 27. Bd6 Qd8
28. Ne6 Qg8 29. Re1 Re8 30. Qe3 Nc7 31. Bxc7 Rxc7 32. Qf4 Rf7 33. Rh3 Bg7 34.
Qe3 Rfe7 35. Nf4 Bf6 0-1

[Event "Petersburg Summer 2016"]
[Site "St Petersburg"]
[Date "2016.08.19"]
[Round "3.54"]
[White "Grausgruber, Rene"]
[Black "Mestnikov, Aidin"]
[Result "1-0"]
[WhiteElo "2014"]
[BlackElo "1649"]
[PlyCount "81"]
[EventDate "2016.08.17"]
[EventType "swiss"]
[EventCountry "RUS"]

1. e4 c5 2. Nf3 d6 3. Nc3 Nf6 4. g3 e6 5. Bg2 Be7 6. O-O O-O 7. Re1 Nc6 8. d4
cxd4 9. Nxd4 a6 10. Nxc6 bxc6 11. e5 dxe5 12. Qxd8 Rxd8 13. Bxc6 Ra7 14. Be3
Rc7 15. Ba4 Bc5 16. Bg5 h6 17. Bxf6 gxf6 18. Rad1 Rxd1 19. Rxd1 Be7 20. Bb3 Bb7
21. Na4 Bf3 22. Rd2 f5 23. h4 e4 24. c3 Rc6 25. Bd1 Bxd1 26. Rxd1 Bd6 27. Rd4
e5 28. Rd5 Kg7 29. b3 Kf6 30. c4 f4 31. gxf4 exf4 32. Nc3 e3 33. fxe3 fxe3 34.
Kg2 Be5 35. Na4 Kf5 36. Kf3 Re6 37. Nc5 Rg6 38. Kxe3 Rg2 39. a4 a5 40. Kf3 Rb2
41. Rxe5+ 1-0

[Event "Petersburg Summer 2016"]
[Site "St Petersburg"]
[Date "2016.08.19"]
[Round "3.55"]
[White "Levdansky, Alexey"]
[Black "Karpenko, Aleksey"]
[Result "1-0"]
[WhiteElo "1973"]
[BlackElo "1641"]
[PlyCount "69"]
[EventDate "2016.08.17"]
[EventType "swiss"]
[EventCountry "RUS"]

1. d4 Nf6 2. c4 e6 3. g3 d5 4. Bg2 dxc4 5. Qa4+ Bd7 6. Qxc4 Bc6 7. Bxc6+ Nxc6
8. Nf3 Be7 9. O-O O-O 10. Nc3 Nd5 11. e4 Nb6 12. Qd3 Bf6 13. Rd1 e5 14. d5 Nd4
15. Nxd4 exd4 16. Ne2 Be5 17. Nxd4 h5 18. Be3 h4 19. Rac1 a6 20. f4 Bd6 21. Nf5
hxg3 22. hxg3 Nd7 23. e5 Nxe5 24. fxe5 Bxe5 25. Bf4 Re8 26. Bxe5 Rxe5 27. Re1
Qg5 28. Rxe5 Qxc1+ 29. Kg2 Qxb2+ 30. Re2 Qf6 31. Ne7+ Kh8 32. Qe3 Rd8 33. Rf2
Qh6 34. Rf4 g5 35. Rh4 1-0

[Event "Petersburg Summer 2016"]
[Site "St Petersburg"]
[Date "2016.08.19"]
[Round "3.56"]
[White "Delevic, Nina"]
[Black "Smorodkin, Kirill"]
[Result "1-0"]
[WhiteElo "1776"]
[BlackElo "1624"]
[PlyCount "135"]
[EventDate "2016.08.17"]
[EventType "swiss"]
[EventCountry "RUS"]

1. d4 Nf6 2. Nf3 g6 3. c4 Bg7 4. Nc3 O-O 5. e4 d6 6. Be2 Bg4 7. O-O Nfd7 8. h3
Bxf3 9. Bxf3 Nc6 10. Be3 e5 11. d5 Nd4 12. Bg4 a5 13. Bxd7 Qxd7 14. Bxd4 exd4
15. Ne2 d3 16. Qxd3 Bxb2 17. Rab1 Bg7 18. Rxb7 Rfb8 19. Rfb1 Rxb7 20. Rxb7 a4
21. Qb1 Qe7 22. Rb8+ Rxb8 23. Qxb8+ Bf8 24. Ng3 Qe5 25. Qxc7 a3 26. c5 Qa1+ 27.
Kh2 dxc5 28. d6 Qe5 29. Qa5 Qxd6 30. Qxa3 Qd2 31. Qb3 Qd4 32. a4 c4 33. Qc2 c3
34. Nf1 Qb4 35. Ne3 Qb2 36. Qd3 Bc5 37. Nc2 Bxf2 38. e5 Kg7 39. Qe2 Bb6 40. Qe4
Qc1 41. h4 Qg1+ 42. Kh3 h5 43. e6 Qh1+ 44. Kg3 Bc7+ 45. Kf2 Bb6+ 46. Ke2 fxe6
47. Qb7+ Kf8 48. Qxb6 Qxg2+ 49. Qf2+ Qxf2+ 50. Kxf2 Ke7 51. a5 Kd6 52. a6 Kc7
53. Ke3 Kb6 54. a7 Kxa7 55. Kf4 Kb6 56. Kg5 Kc5 57. Kxg6 e5 58. Kxh5 Kc4 59.
Kg4 Kd3 60. Nb4+ Kc4 61. Na2 Kb3 62. Nc1+ Kc2 63. Ne2 Kd2 64. Kf3 e4+ 65. Kf2
c2 66. h5 e3+ 67. Kf3 Ke1 68. Kxe3 1-0

[Event "Petersburg Summer 2016"]
[Site "St Petersburg"]
[Date "2016.08.19"]
[Round "3.57"]
[White "Trushnikov, Viacheslav"]
[Black "Bobolev, Stanislav"]
[Result "0-1"]
[WhiteElo "1758"]
[BlackElo "1604"]
[PlyCount "66"]
[EventDate "2016.08.17"]
[EventType "swiss"]
[EventCountry "RUS"]

1. c4 d6 2. g3 g6 3. Bg2 Bg7 4. d4 Nh6 5. Nc3 f5 6. Nf3 O-O 7. O-O Nf7 8. e4
Nc6 9. exf5 Bxf5 10. d5 Nce5 11. Nxe5 Nxe5 12. Qb3 Bd3 13. Qxb7 Bxf1 14. Bxf1
Qb8 15. Qxb8 Raxb8 16. Nb5 Ng4 17. f4 a6 18. Nc3 Bd4+ 19. Kg2 Ne3+ 20. Bxe3
Bxe3 21. b3 g5 22. Re1 Bd2 23. Rxe7 Bxc3 24. Rxc7 gxf4 25. Bd3 f3+ 26. Kf1 Rbe8
27. g4 f2 28. Bxh7+ Kh8 29. Bf5 Bd4 30. Be6 Rf3 31. g5 Re3 32. Rf7 Re1+ 33. Kg2
Rg1+ 0-1

[Event "Petersburg Summer 2016"]
[Site "St Petersburg"]
[Date "2016.08.19"]
[Round "3.58"]
[White "Klinkov, Evgeny"]
[Black "Zvereva, Svetlana"]
[Result "1-0"]
[WhiteElo "1738"]
[BlackElo "1579"]
[PlyCount "93"]
[EventDate "2016.08.17"]
[EventType "swiss"]
[EventCountry "RUS"]

1. d4 d5 2. c4 e6 3. Nf3 Nf6 4. Bf4 Bb4+ 5. Nbd2 Bxd2+ 6. Nxd2 O-O 7. e3 c6 8.
Bd3 Nbd7 9. O-O Re8 10. Nf3 dxc4 11. Bxc4 Nd5 12. Bg5 Qa5 13. a3 N5f6 14. b4
Qb6 15. Qc2 h6 16. Bf4 Nh5 17. Bd6 Qd8 18. Bd3 Nhf6 19. b5 Nb6 20. Be5 Bd7 21.
Rfc1 Rc8 22. Bxf6 Qxf6 23. Ne5 Red8 24. Qd2 Be8 25. Qa5 cxb5 26. Qxa7 Rxc1+ 27.
Rxc1 Nd7 28. Nf3 Nf8 29. Qxb7 Ng6 30. Rc8 Nh4 31. Nxh4 Qxh4 32. Qb8 Rxc8 33.
Qxc8 Qe7 34. Bxb5 Kh7 35. Qxe8 Qxa3 36. g3 Qa7 37. Qd7 Qa1+ 38. Kg2 Qb1 39. Bc6
Kg6 40. Qb7 Qd1 41. Be8 Kh7 42. Qxf7 Qg4 43. f3 Qg5 44. Qxe6 h5 45. h4 Qd8 46.
Bg6+ Kh8 47. Qe8+ 1-0

[Event "Petersburg Summer 2016"]
[Site "St Petersburg"]
[Date "2016.08.19"]
[Round "3.59"]
[White "Bezobrazov, Lev"]
[Black "Romanov, Aleksandr"]
[Result "0-1"]
[WhiteElo "1528"]
[BlackElo "1722"]
[PlyCount "66"]
[EventDate "2016.08.17"]
[EventType "swiss"]
[EventCountry "RUS"]

1. e4 e6 2. d4 d5 3. Nc3 Nf6 4. e5 Nfd7 5. f4 c5 6. dxc5 Bxc5 7. Qg4 g6 8. Nf3
Nc6 9. a3 Qc7 10. Bd3 a6 11. Bd2 b5 12. b4 Bb6 13. h4 Nd4 14. Ra2 Bb7 15. h5
O-O-O 16. Ne2 Nxe2 17. Kxe2 Kb8 18. c3 f6 19. Qg3 gxh5 20. a4 Rdg8 21. Qh2 fxe5
22. fxe5 d4 23. cxd4 Bxd4 24. Rc1 Bxf3+ 25. gxf3 Qxe5+ 26. Qxe5+ Nxe5 27. axb5
Rg2+ 28. Kf1 Rf2+ 29. Ke1 Nxd3+ 30. Kd1 Nxc1 31. Kxc1 axb5 32. Bf4+ e5 33. Rxf2
Rc8+ 0-1

[Event "Petersburg Summer 2016"]
[Site "St Petersburg"]
[Date "2016.08.19"]
[Round "3.60"]
[White "Afanasiev, Nikita A"]
[Black "Kapitsa, Artem"]
[Result "1-0"]
[WhiteElo "1716"]
[BlackElo "1402"]
[PlyCount "33"]
[EventDate "2016.08.17"]
[EventType "swiss"]
[EventCountry "RUS"]

1. e4 e6 2. d4 Nf6 3. Nc3 Bb4 4. Bd3 b6 5. a3 Bxc3+ 6. bxc3 Bb7 7. f3 d5 8. e5
Nfd7 9. Ne2 c5 10. Ng3 Nc6 11. Be3 Qe7 12. O-O Rc8 13. f4 h5 14. f5 Nd8 15.
fxe6 Nxe6 16. Nf5 Qf8 17. Nd6+ 1-0

[Event "Petersburg Summer 2016"]
[Site "St Petersburg"]
[Date "2016.08.19"]
[Round "3.61"]
[White "Kuizhev, Adam"]
[Black "Biyachuev, Minkail"]
[Result "1-0"]
[WhiteElo "1700"]
[BlackElo "1400"]
[PlyCount "61"]
[EventDate "2016.08.17"]
[EventType "swiss"]
[EventCountry "RUS"]

1. e4 e5 2. Nf3 Nc6 3. Bb5 Nf6 4. O-O a6 5. Ba4 Nxe4 6. Re1 Nc5 7. Bxc6 dxc6 8.
Nxe5 Be6 9. d4 Nd7 10. c4 Nf6 11. Bg5 Be7 12. Nc3 h6 13. Bxf6 gxf6 14. d5 cxd5
15. cxd5 Bf5 16. Nc4 Kf8 17. Qf3 Qc8 18. Qf4 Qd7 19. d6 Bxd6 20. Nxd6 cxd6 21.
Nd5 Kg7 22. Re7 Qc8 23. Rc1 Re8 24. Rxc8 Rxe7 25. Nxe7 Bxc8 26. Nxc8 Kg8 27.
Nxd6 Rd8 28. Qxf6 Rd7 29. h3 a5 30. Nf5 b5 31. Qg7# 1-0

[Event "Petersburg Summer 2016"]
[Site "St Petersburg"]
[Date "2016.08.19"]
[Round "3.62"]
[White "Timirev, Sergey"]
[Black "Corrente, Roberto"]
[Result "1-0"]
[WhiteElo "1693"]
[BlackElo "1242"]
[PlyCount "95"]
[EventDate "2016.08.17"]
[EventType "swiss"]
[EventCountry "RUS"]

1. Nf3 Nf6 2. c4 Nc6 3. Nc3 d6 4. d4 Bf5 5. Nh4 Bg4 6. h3 Bh5 7. g4 Bg6 8. Nxg6
hxg6 9. Bg2 Qd7 10. Be3 e6 11. Qa4 Be7 12. O-O-O a6 13. f4 d5 14. Rhf1 dxc4 15.
Qxc4 Na5 16. Qd3 Nd5 17. Bd2 Nc6 18. Nxd5 exd5 19. f5 Nb4 20. Bxb4 Bxb4 21.
fxg6 Qc6+ 22. Kb1 Qxg6 23. Qxg6 fxg6 24. Bxd5 O-O-O 25. Bg2 Rhe8 26. e4 Rd7 27.
e5 c6 28. a3 Ba5 29. Be4 Re6 30. Kc2 Bb6 31. Kc3 Kc7 32. b4 Ba7 33. h4 b5 34.
h5 gxh5 35. Bf5 Ree7 36. Bxd7 Rxd7 37. gxh5 Bb6 38. Rf4 a5 39. Rdf1 axb4+ 40.
axb4 Kc8 41. e6 Re7 42. Rf8+ Kb7 43. R1f7 Rxf7 44. Rxf7+ Ka6 45. e7 c5 46. dxc5
Bc7 47. e8=Q g6 48. Qa8# 1-0

[Event "Petersburg Summer 2016"]
[Site "St Petersburg"]
[Date "2016.08.19"]
[Round "3.63"]
[White "Nordquelle, Amelia"]
[Black "Pitkanen, Juhani"]
[Result "0-1"]
[WhiteElo "1153"]
[BlackElo "1676"]
[PlyCount "48"]
[EventDate "2016.08.17"]
[EventType "swiss"]
[EventCountry "RUS"]

1. e4 c5 2. Nf3 e6 3. c4 Nc6 4. Nc3 g6 5. d3 d6 6. Be2 Bg7 7. Bd2 Nge7 8. O-O
O-O 9. Re1 a6 10. Rb1 Rb8 11. a4 Nd4 12. Qc1 Nec6 13. Na2 Nb3 14. Qd1 Ncd4 15.
Be3 Bd7 16. Bxd4 Nxd4 17. Bf1 b5 18. e5 Nxf3+ 19. Qxf3 Bxe5 20. axb5 axb5 21.
cxb5 Bxb5 22. g3 Qa5 23. Nc3 Bxc3 24. bxc3 Qxc3 0-1